00414nam a2200157Ia 4500001000500000005001700005008004100022041000800063082001800071100003200089245008200121260000900203300002800212650000800240654000800248514920260306145847.0260306t1993||||xx |||||||||||||| ||spa|| aESP a335.4309bB61 aBlackburn, Robin (ed.)eAUT 0aDespués de la caída:bel fracaso del comunismo y el futuro del socialismo c1993 a348 páginas :c20 cm. aGEN aCHU